• 首页
  • 本馆介绍
  • 公告通知
  • 最新文献
  • 馆藏检索
  • 电子资源
  • 读者导购
  • 参考咨询
  • 我的图书馆
  • 登录
  • 详细信息显示
  • 放入我的书架
  • 预约/预借图书
  • 作者相关作品
  • 分类相关作品
  • 丛书相关作品
  • 出版社相关作品

书目信息

  • 表格格式
  • 工作单格式
  • 卡片格式
题名:
郭象与魏晋玄学
    
 
作者: 汤一介 著
分册:  
出版信息: 北京   中国人民大学出版社  2016
页数: 473页
开本: 23cm
丛书名:
单 册:
中图分类: B235.65
科图分类:
主题词:
电子资源:
ISBN: 978-7-300-21909-7
000 00907nam0 22002531 450
001 0120081924
005 20170320095642.75
010    @a978-7-300-21909-7@dCNY78.00
100    @a20160804d2016 em y0chiy50 ea
101 0  @achi
102    @aCN@b110000
105    @ay z 000yy
106    @ar
200 1  @a郭象与魏晋玄学@9guo xiang yu wei jin xuan xue@f汤一介著
205    @a增订本
210    @a北京@c中国人民大学出版社@d2016
215    @a473页@d23cm
300    @a汤一介集
330    @a本书以玄学家郭象为中心论述了魏晋玄学的产生、发展、特征以及在哲学思想史上的地位。书中通过魏晋玄学范畴的研究来寻找中国哲学的范畴体系,梳理了魏晋玄学发展的内在理路,探讨了哲学方法对认识哲学思想变迁的重要意义。
600  0 @a郭象@Aguo xiang@f(252-312)@x玄学@x研究
690    @aB235.65@v5
701  0 @a汤一介@9tang yi jie@f(1927~2014)@4著
801  0 @aCN@bTANGWEI@c20170308
905    @b0954528-30@dB235.65@e12=2@f3
    
    郭象与魏晋玄学/汤一介著.-增订本.-北京:中国人民大学出版社,2016
    473页;23cm
    汤一介集
    
    ISBN 978-7-300-21909-7:CNY78.00
    本书以玄学家郭象为中心论述了魏晋玄学的产生、发展、特征以及在哲学思想史上的地位。书中通过魏晋玄学范畴的研究来寻找中国哲学的范畴体系,梳理了魏晋玄学发展的内在理路,探讨了哲学方法对认识哲学思想变迁的重要意义。
●
相关链接 在E读中查询图书 在五车中查询图书 在当当中查询图书 在豆瓣中查询图书


正题名:郭象与魏晋玄学     索取号:B235.65/12=2         预约/预借

序号 登录号 条形码 馆藏地/架位号 状态 备注
1 0954528   209545287   第一样本阅览室/ [索取号:B235.65/12=2] 在馆    
2 0954529   209545296   第一借阅区/ [索取号:B235.65/12=2] 在馆    
3 0954530   209545303   第一借阅区/ [索取号:B235.65/12=2] 在馆    
唐山师范学院图书馆 欢迎您!
大连网信软件有限公司© 版权所有